000 00166nam a22000857a 4500
082 _a823
100 _aSHIKHABHAI SITAR
245 _aFAIRY TALES FOR CHILDREN
942 _cBK
999 _c8205
_d8205